[Event "Sibiria Region-ch Seniors"]
[Site "Prokopevsk"]
[Date "2012.03.16"]
[Round "5"]
[White "Morokov, Anatoliy"]
[Black "Chernyh, Pavel"]
[Result "0-1"]
[WhiteElo "1734"]
[BlackElo "1925"]
[PlyCount "108"]
[EventDate "2012.03.12"]
[EventType "swiss"]
[EventRounds "9"]
[EventCountry "RUS"]
[SourceTitle "EXT 2013"]
[Source "ChessBase"]
[SourceDate "2012.11.22"]
[SourceVersion "1"]
[SourceVersionDate "2012.11.22"]
[SourceQuality "1"]

1. e4 c5 2. Nf3 Nc6 3. d4 cxd4 4. Nxd4 d6 5. Nc3 g6 6. Bb5 Bd7 7. 0-0 Bg7 8. Be3 Nf6 9. f3 0-0 10. Nce2 a6 11. Ba4 Rc8 12. c3 Ne5 13. Bb3 Nc4 14. Bc1 Qb6 15. Kh1 Rfd8 16. f4 Nxe4 17. Qd3 d5 18. Bxc4 Rxc4 19. b3 Rcc8 20. Be3 Qc7 21. Rac1 e5 22. fxe5 Bxe5 23. Nf3 Bf5 24. Qd1 Bg7 25. Ned4 Bg4 26. Qe1 b5 27. Qh4 h5 28. Ng5 Nxg5 29. Qxg5 Qe5 30. Rce1 Qxg5 31. Bxg5 Re8 32. Rxe8+ Rxe8 33. h3 Bd7 34. Kg1 b4 35. Bf6 bxc3 36. Nc2 Bf5 37. Bxg7 Kxg7 38. Nb4 d4 39. Nxa6 Bd3 40. Nb4 Bxf1 41. Kxf1 Rb8 42. Nd3 Re8 43. Kf2 Re3 44. Ne1 f5 45. a4 f4 46. a5 d3 47. g3 g5 48. h4 d2 49. Nc2 d1Q 50. Nxe3 fxe3+ 51. Kxe3 Qxb3 52. g4 hxg4 53. a6 Qb6+ 54. Kd3 Qxa6+ 0-1

[Event "Novokuznetsk Spring op"]
[Site "Novokuznetsk"]
[Date "2012.??.??"]
[Round "7"]
[White "Komarov, Andrey"]
[Black "Morokov, Anatoliy"]
[Result "1-0"]
[WhiteElo "1885"]
[BlackElo "1734"]
[PlyCount "75"]
[EventDate "2012.04.04"]
[EventType "swiss"]
[EventRounds "9"]
[EventCountry "RUS"]
[SourceTitle "CBM 148 Extra"]
[Source "ChessBase"]
[SourceDate "2012.06.22"]
[SourceVersion "1"]
[SourceVersionDate "2012.06.22"]
[SourceQuality "1"]

1. e4 e5 2. Nf3 Nc6 3. Bb5 Nd4 4. Nxd4 exd4 5. c3 Qg5 6. Be2 Qxg2 7. Bf3 Qh3 8. cxd4 h5 9. Nc3 Nf6 10. Nb5 Kd8 11. Rg1 Rh6 12. d3 Rg6 13. Rxg6 fxg6 14. e5 Ng4 15. Bxg4 hxg4 16. Bg5+ Be7 17. Bxe7+ Kxe7 18. Qc2 g3 19. fxg3 d6 20. Qxc7+ Bd7 21. Qxd6+ Kf7 22. Nc3 b5 23. Qd5+ Be6 24. Qxa8 Qxh2 25. Qxa7+ Kg8 26. 0-0-0 b4 27. Qb8+ Kh7 28. Qxb4 Qxg3 29. Rh1+ Bh3 30. Rd1 g5 31. a4 g4 32. Ne4 Qe3+ 33. Kc2 g3 34. Qd2 Qh6 35. Qxh6+ gxh6 36. a5 Bd7 37. Nxg3 Ba4+ 38. b3 1-0

[Event "Novokuznetsk Spring op"]
[Site "Novokuznetsk"]
[Date "2012.??.??"]
[Round "2"]
[White "Morokov, Anatoliy"]
[Black "Evtina, Diana"]
[Result "0-1"]
[WhiteElo "1734"]
[BlackElo "1910"]
[PlyCount "92"]
[EventDate "2012.04.04"]
[EventType "swiss"]
[EventRounds "9"]
[EventCountry "RUS"]
[SourceTitle "CBM 148 Extra"]
[Source "ChessBase"]
[SourceDate "2012.06.22"]
[SourceVersion "1"]
[SourceVersionDate "2012.06.22"]
[SourceQuality "1"]

1. e4 c5 2. Nf3 Nc6 3. d4 cxd4 4. Nxd4 g6 5. Be3 Bg7 6. Nc3 Nf6 7. Qd2 d6 8. Bc4 Ng4 9. Nxc6 bxc6 10. Bg5 h6 11. Bh4 g5 12. Bg3 Ne5 13. Bb3 Ba6 14. f4 gxf4 15. Bxf4 Qa5 16. 0-0-0 0-0-0 17. Kb1 e6 18. Qf2 Qb6 19. Qd2 c5 20. Qf2 c4 21. Be3 Qa5 22. Bxa7 cxb3 23. Bb6 bxa2+ 24. Ka1 Qb4 25. Bxd8 Rxd8 26. Nxa2 Qa5 27. Qa7 Nc4 28. c3 Rd7 29. Qa8+ Kc7 30. Qa7+ Kd8 31. Qb8+ Ke7 32. Qb4 Qg5 33. h4 Qg4 34. Nc1 Rb7 35. Qa4 Rxb2 36. Qxa6 Bxc3 37. Qa7+ Kf8 38. Qg1 Qxe4 39. Nd3 Rb3+ 40. Ka2 Ra3+ 41. Kb1 Nd2+ 42. Rxd2 Bxd2 43. Rh3 Rxd3 44. Rxd3 Qxd3+ 45. Ka2 Qc4+ 46. Ka3 Bc1+ 0-1

[Event "Novokuznetsk Spring op"]
[Site "Novokuznetsk"]
[Date "2012.??.??"]
[Round "8"]
[White "Morokov, Anatoliy"]
[Black "Tsvetkov, Yury"]
[Result "1-0"]
[WhiteElo "1734"]
[BlackElo "1711"]
[PlyCount "71"]
[EventDate "2012.04.04"]
[EventType "swiss"]
[EventRounds "9"]
[EventCountry "RUS"]
[SourceTitle "CBM 148 Extra"]
[Source "ChessBase"]
[SourceDate "2012.06.22"]
[SourceVersion "1"]
[SourceVersionDate "2012.06.22"]
[SourceQuality "1"]

1. e4 e5 2. Nf3 Nf6 3. Nxe5 d6 4. Nf3 Nxe4 5. d4 d5 6. Bd3 Bg4 7. 0-0 Nc6 8. Re1 f5 9. h3 Bh5 10. Bf4 Nxd4 11. Bxe4 dxe4 12. Qxd4 Bxf3 13. Qxd8+ Rxd8 14. gxf3 g5 15. Bxc7 Rc8 16. Be5 Rg8 17. fxe4 f4 18. Nc3 g4 19. h4 f3 20. Nd5 Kf7 21. c3 a5 22. a4 Bc5 23. Bd4 Bxd4 24. cxd4 g3 25. Rac1 gxf2+ 26. Kxf2 Rg2+ 27. Kxf3 Rcg8 28. Rc7+ Kf8 29. Rc8+ Kf7 30. Rxg8 Rxg8 31. Rc1 h5 32. Rc7+ Ke6 33. Rxb7 Rg4 34. Nf4+ Kd6 35. Rb5 Rxh4 36. Rxh5 1-0